太平天国占领的现今最大的城市地图(提示版) Cities occupied by Taiping Rebellion map - Statistics

General Stats
  • This quiz has been taken 128 times
  • The average score is 16 of 19
Answers on the Map
Answers color-coded by a green-red scale on the quiz's map according to % correct below.
 
Answer Stats
人口 城市 % Correct
874 杭州
98%
399 苏州
98%
791 南京
97%
361 宁波
94%
995 武汉
93%
357 无锡
92%
378 合肥
88%
309 常州
88%
217 绍兴
88%
151 扬州
85%
534 郑州
81%
107 岳阳
80%
134 台州
79%
132 芜湖
74%
122 宜昌
73%
141 昆山
65%
132 株洲
65%
118 义乌
57%
106 慈溪
55%
No matching quizzes found
Score Distribution
Percent of People with Each Score
Percentile by Number Answered
Your Score History
You have not taken this quiz